| 000 | 00977nam a2200277 a 4500 | ||
|---|---|---|---|
| 003 | AR-BaBNM | ||
| 005 | 20251128203750.0 | ||
| 008 | 082120s2002 ||||||||||||||000 | spa|| | ||
| 020 | _a980-6023-26-9 | ||
| 040 | _cAR-BaBNM | ||
| 100 | 1 | _aDavila S., José Raúl | |
| 245 | 0 | 0 | _aLa enseñanza individualizada y el supervisor |
| 260 |
_aMérida _bGobernación del Estado de Mérida _c1986 |
||
| 300 |
_a180 p. _bdiagr. |
||
| 500 | _aEsta obra contiene referencias sobre el Plan Dalton, el Sistema Winnetka, el Sistema de fichas, el Sistema Decroly, el Sistema Mannheim, el Sistema Oakland y el Plan Trinidad | ||
| 504 | _aBibliografía: p. 169-177 | ||
| 650 | 4 | _aMETODOS DE ENSEÑANZA | |
| 650 | 4 | _aENSEÑANZA INDIVIDUALIZADA | |
| 650 | 4 | _aSUPERVISION DE LOS DOCENTES | |
| 650 | 4 | _aASESORAMIENTO INDIVIDUAL | |
| 650 | 4 | _aASESORAMIENTO DEL DOCENTE | |
| 650 | 4 | _aENSEÑANZA PROGRAMADA | |
| 650 | 4 | _aSELECCION DE MATERIAL DIDACTICO | |
| 942 | _cBK | ||
| 998 | _cSILVI | ||
| 999 |
_c4858 _d4858 |
||